[Event "Prague Menchik Memorial rapid"]
[Site "Prague"]
[Date "2018.06.10"]
[Round "8"]
[White "Kalousek, Zdenek"]
[Black "Dolezal, Radoslav"]
[Result "0-1"]
[WhiteElo "2065"]
[BlackElo "2368"]
[PlyCount "86"]
[EventDate "2018.06.10"]
[EventType "swiss (rapid)"]
[EventRounds "9"]
[EventCountry "CZE"]
[SourceTitle "CBM 184 Extra"]
[Source "ChessBase"]
[SourceDate "2018.06.28"]
[SourceVersion "1"]
[SourceVersionDate "2018.06.28"]
[SourceQuality "1"]

1. c4 c6 2. e4 d5 3. exd5 cxd5 4. d4 Nf6 5. Nc3 e6 6. Nf3 Be7 7. Qb3 0-0 8. cxd5 Nxd5 9. Nxd5 Qxd5 10. Qxd5 exd5 11. a3 Bf5 12. Be3 Nd7 13. Be2 Rfc8 14. b4 a5 15. b5 a4 16. Bd2 Nb6 17. 0-0 Nc4 18. Bxc4 Rxc4 19. Ne5 Rxd4 20. Bc3 Re4 21. f3 Re2 22. g4 Bc2 23. Bd4 Bd6 24. Rf2 Rxf2 25. Kxf2 f6 26. Nd7 Bxh2 27. Nb6 Rd8 28. Rc1 Bb3 29. Nc8 Kf7 30. Na7 Bf4 31. Rc3 Bc4 32. b6 Re8 33. Rc2 Bd6 34. Be3 Bxa3 35. Rc3 Bb4 36. Rc1 a3 37. Bd4 a2 38. Kg3 Bd6+ 39. Kf2 Re2+ 40. Kg1 Rd2 41. Ba1 Bc5+ 42. Kh1 Bxb6 43. Nc8 Bc5 0-1

[Event "CZE-chT2B 1718"]
[Site "Czech Republic"]
[Date "2018.02.11"]
[Round "8.7"]
[White "Kubin, Vladimir"]
[Black "Kalousek, Zdenek"]
[Result "0-1"]
[WhiteElo "2032"]
[BlackElo "2037"]
[PlyCount "94"]
[EventDate "2017.10.15"]
[EventType "team-tourn"]
[EventRounds "11"]
[EventCountry "CZE"]
[SourceTitle "EXT 2022"]
[Source "ChessBase"]
[SourceDate "2021.10.06"]
[SourceVersion "1"]
[SourceVersionDate "2021.10.06"]
[SourceQuality "1"]
[WhiteTeam "Mlada Boleslav"]
[BlackTeam "Zizkov"]
[WhiteTeamCountry "CZE"]
[BlackTeamCountry "CZE"]

1. d4 Nf6 2. Nf3 d5 3. c4 c6 4. cxd5 cxd5 5. Nc3 e6 6. Bf4 Nc6 7. e3 a6 8. Bd3 Be7 9. h3 b5 10. 0-0 Bb7 11. Ne5 0-0 12. Nxc6 Bxc6 13. a4 Qd7 14. Qb3 b4 15. Nb1 Rfc8 16. Nd2 Ne4 17. Rfd1 h6 18. f3 Nxd2 19. Rxd2 f5 20. Be5 a5 21. Rc2 Bd6 22. Bxd6 Qxd6 23. Rc5 f4 24. Rac1 Bb7 25. Bb5 Rf8 26. Rc7 Rab8 27. Qd3 Rf7 28. R7c5 Rbf8 29. Bc6 fxe3 30. Qxe3 Rxf3 31. Qe5 Qxe5 32. dxe5 R3f7 33. Bxb7 Rxb7 34. Rxa5 Rf5 35. Rb5 Ra7 36. Rxb4 Rxe5 37. b3 Re2 38. Kf1 Rb2 39. Rb8+ Kf7 40. Re1 Rxa4 41. Rb6 Rf4+ 42. Kg1 Rff2 43. Rbxe6 Rxg2+ 44. Kh1 Rh2+ 45. Kg1 Rxh3 46. Rd6 Rd3 47. Rd7+ Kg8 0-1

[Event "CZE-chT2B 1718"]
[Site "Czech Republic"]
[Date "2017.11.19"]
[Round "3.6"]
[White "Kalousek, Zdenek"]
[Black "Kudrlicka, Ladislav"]
[Result "1/2-1/2"]
[WhiteElo "2037"]
[BlackElo "2039"]
[PlyCount "108"]
[EventDate "2017.10.15"]
[EventType "team-tourn"]
[EventRounds "11"]
[EventCountry "CZE"]
[SourceTitle "EXT 2022"]
[Source "ChessBase"]
[SourceDate "2021.10.06"]
[SourceVersion "1"]
[SourceVersionDate "2021.10.06"]
[SourceQuality "1"]
[WhiteTeam "Zizkov"]
[BlackTeam "Teplice"]
[WhiteTeamCountry "CZE"]
[BlackTeamCountry "CZE"]

1. e3 d5 2. c4 e6 3. Nf3 Nf6 4. Nc3 c6 5. a3 Bd6 6. d4 Nbd7 7. b3 0-0 8. Bb2 Qe7 9. cxd5 exd5 10. Nd2 Re8 11. Bd3 Nf8 12. 0-0 Bxh2+ 13. Kxh2 Ng4+ 14. Kg1 Nxe3 15. fxe3 Qxe3+ 16. Rf2 Qxd3 17. Nf3 Qxd1+ 18. Rxd1 Bg4 19. Rdf1 f6 20. Re2 Rxe2 21. Nxe2 Re8 22. Kf2 Kf7 23. Nc1 g5 24. Nxg5+ fxg5 25. Kg3+ Kg6 26. Kxg4 Re4+ 27. Kg3 Ne6 28. Rd1 h5 29. Rd2 Nf4 30. Kf2 h4 31. Nd3 Nxd3+ 32. Rxd3 g4 33. Bc1 Kf5 34. Bd2 Re7 35. a4 b6 36. a5 Re6 37. Be1 Re4 38. Bd2 Re6 39. Bb4 Ke4 40. Re3+ Kf5 41. Rxe6 Kxe6 42. a6 Kd7 43. Ke3 c5 44. dxc5 d4+ 45. Kf4 bxc5 46. Bxc5 d3 47. Be3 h3 48. gxh3 gxh3 49. Kg3 Kc6 50. Kxh3 Kb5 51. Bd2 Kxa6 52. Kg2 Kb5 53. b4 a5 54. bxa5 Ka6 1/2-1/2

[Event "Olomouc op"]
[Site "Olomouc"]
[Date "2012.08.04"]
[Round "3"]
[White "Cagasik, Tomas"]
[Black "Kalousek, Zdenek"]
[Result "1-0"]
[WhiteElo "2266"]
[BlackElo "1974"]
[PlyCount "71"]
[EventDate "2012.08.02"]
[EventType "swiss"]
[EventRounds "9"]
[EventCountry "CZE"]
[SourceTitle "CBM 149 Extra"]
[Source "ChessBase"]
[SourceDate "2012.08.24"]
[SourceVersion "1"]
[SourceVersionDate "2012.08.24"]
[SourceQuality "1"]

1. e4 Nf6 2. Nc3 d5 3. e5 d4 4. exf6 dxc3 5. fxg7 cxd2+ 6. Bxd2 Bxg7 7. Qh5 Qd4 8. c3 Qe4+ 9. Be3 Bg4 10. Qg5 Bf6 11. Qf4 Qxf4 12. Bxf4 e5 13. Be3 Nd7 14. f3 Be6 15. Bb5 a6 16. Ba4 Rg8 17. Kf2 Be7 18. Ne2 0-0-0 19. Rhd1 f5 20. g3 f4 21. Bxd7+ Bxd7 22. gxf4 Bh4+ 23. Ng3 Rdf8 24. fxe5 Bg4 25. f4 Bxd1 26. Rxd1 Rd8 27. Rf1 Rd5 28. Kf3 Bxg3 29. hxg3 Kd7 30. Rh1 Rg7 31. Ke4 c6 32. c4 Ra5 33. f5 Rxg3 34. Rxh7+ Ke8 35. Bf4 Rg1 36. f6 1-0

[Event "Lanta op 1st"]
[Site "Koh Lanta Island"]
[Date "2012.03.22"]
[Round "1"]
[White "Kalousek, Zdenek"]
[Black "Glacner, Karel"]
[Result "1-0"]
[WhiteElo "1979"]
[BlackElo "1649"]
[PlyCount "55"]
[EventDate "2012.03.22"]
[EventType "swiss"]
[EventRounds "9"]
[EventCountry "THA"]
[SourceTitle "EXT 2013"]
[Source "ChessBase"]
[SourceDate "2012.11.22"]
[SourceVersion "1"]
[SourceVersionDate "2012.11.22"]
[SourceQuality "1"]

1. e4 c5 2. Nf3 Nc6 3. d4 cxd4 4. Nxd4 d6 5. Nc3 a6 6. Be3 e6 7. Qd2 Nf6 8. Be2 b6 9. Nxc6 Qc7 10. Nd4 Bb7 11. f3 Be7 12. 0-0-0 Rc8 13. g4 0-0 14. h4 Rfd8 15. g5 Nd7 16. h5 g6 17. hxg6 hxg6 18. Bxa6 Kg7 19. Rh7+ Kf8 20. Qh2 Ke8 21. Bxb7 Qxb7 22. Rxf7 Nf8 23. Rxf8+ Bxf8 24. Nxe6 Rd7 25. Nd5 Rf7 26. Nxf8 Rc6 27. Nxg6 Rh7 28. Nf6+ 1-0

[Event "CZE-chT2A 1112"]
[Site "Czech Republic"]
[Date "2012.02.05"]
[Round "7.8"]
[White "Kalousek, Zdenek"]
[Black "Muron, Miroslav"]
[Result "0-1"]
[WhiteElo "1979"]
[BlackElo "2152"]
[PlyCount "64"]
[EventDate "2011.10.09"]
[EventType "team-tourn"]
[EventRounds "11"]
[EventCountry "CZE"]
[SourceTitle "EXT 2013"]
[Source "ChessBase"]
[SourceDate "2012.11.22"]
[SourceVersion "1"]
[SourceVersionDate "2012.11.22"]
[SourceQuality "1"]
[WhiteTeam "Zizkov"]
[BlackTeam "Praha Dukla"]
[WhiteTeamCountry "CZE"]
[BlackTeamCountry "CZE"]

1. e4 e5 2. Nf3 Nc6 3. Bb5 a6 4. Ba4 d6 5. c3 f5 6. exf5 Bxf5 7. 0-0 Bd3 8. Re1 Be7 9. Bc2 Bxc2 10. Qxc2 Nf6 11. Ng5 d5 12. Ne6 Qd7 13. Nxg7+ Kf7 14. Nf5 e4 15. Nxe7 Qxe7 16. d4 Rhg8 17. Bf4 h5 18. h3 Qd7 19. Kh1 Qf5 20. Qd2 Ne7 21. Rg1 Rg6 22. Qe3 Ng4 23. hxg4 hxg4 24. Rc1 Rh8+ 25. Kg1 Qh5 26. Kf1 Nf5 27. Qe1 g3 28. fxg3 Nxg3+ 29. Bxg3 Rf6+ 30. Qf2 Qh1+ 31. Ke2 Rxf2+ 32. Bxf2 Qxc1 0-1

[Event "CZE-chT2A 1112"]
[Site "Czech Republic"]
[Date "2011.10.09"]
[Round "1"]
[White "Bauer, Jan"]
[Black "Kalousek, Zdenek"]
[Result "0-1"]
[WhiteElo "1910"]
[BlackElo "1979"]
[PlyCount "100"]
[EventDate "2011.10.09"]
[EventType "team-tourn"]
[EventRounds "11"]
[EventCountry "CZE"]
[SourceTitle "EXT 2013"]
[Source "ChessBase"]
[SourceDate "2012.11.22"]
[SourceVersion "1"]
[SourceVersionDate "2012.11.22"]
[SourceQuality "1"]
[WhiteTeam "Klatovy"]
[BlackTeam "Zizkov"]
[WhiteTeamCountry "CZE"]
[BlackTeamCountry "CZE"]

1. d4 d5 2. c4 c6 3. Nf3 Nf6 4. Nc3 e6 5. e3 Bd6 6. Bd3 Nbd7 7. 0-0 0-0 8. b3 Re8 9. Bb2 e5 10. dxe5 Nxe5 11. Nxe5 Bxe5 12. Qc2 Bxh2+ 13. Kxh2 Ng4+ 14. Kg1 Qh4 15. Rfe1 Qh2+ 16. Kf1 Qh1+ 17. Ke2 Qxg2 18. Bxh7+ Kh8 19. Nd1 dxc4 20. Bf5 Nxe3 21. Nxe3 Rxe3+ 22. Kxe3 Qg5+ 23. f4 Qg3+ 24. Ke2 Qg2+ 25. Kd1 Qd5+ 26. Qd2 Qf3+ 27. Qe2 Qd5+ 28. Qd3 Bxf5 29. Qxd5 cxd5 30. Re7 f6 31. Kd2 Rc8 32. Rae1 Be4 33. Rxb7 cxb3 34. Rxb3 Rc2+ 35. Ke3 Rg2 36. Re2 Rg3+ 37. Kd4 Rg4 38. Rf2 Kh7 39. Bc1 g5 40. Rb7+ Kg6 41. Rxa7 Rg1 42. Be3 g4 43. Rc7 g3 44. Rd2 Re1 45. Rcc2 Kf5 46. a4 Kg4 47. a5 Bxc2 48. Rxc2 Kf3 49. a6 Rxe3 50. a7 Re8 0-1

[Event "Olomouc op"]
[Site "Olomouc"]
[Date "2007.08.02"]
[Round "1"]
[White "Gumula, Daniel"]
[Black "Kalousek, Zdenek"]
[Result "1-0"]
[WhiteElo "2387"]
[BlackElo "1894"]
[PlyCount "61"]
[EventDate "2007.08.02"]
[EventType "swiss"]
[EventRounds "9"]
[EventCountry "CZE"]
[SourceTitle "CBM 119 Extra"]
[Source "ChessBase"]
[SourceDate "2007.09.04"]
[SourceVersion "1"]
[SourceVersionDate "2007.09.04"]
[SourceQuality "1"]

1. Nf3 d5 2. c4 d4 3. e3 dxe3 4. fxe3 Nf6 5. Nc3 g6 6. d4 Bg7 7. c5 b6 8. cxb6 axb6 9. Bb5+ c6 10. Bc4 0-0 11. 0-0 Ba6 12. Bxa6 Nxa6 13. e4 Qc7 14. Qe2 e6 15. Bg5 Nd7 16. Rac1 Qb7 17. e5 h6 18. Bh4 Nc7 19. a3 Rfc8 20. Ne4 Ne8 21. Nfd2 Nf8 22. Nc4 Qc7 23. Qf3 Ra7 24. Ncd6 Rca8 25. Nxe8 Rxe8 26. Nd6 Rb8 27. Rxc6 Qd7 28. Rfc1 g5 29. Bg3 Ng6 30. Nb5 Rab7 31. Rc7 1-0